Mindful challenges towards peak performance
| Main Author: | |
|---|---|
| Format: | Book |
| Published: |
Subang Jaya, Selangor :
Pelanduk Pub. ,
2000
|
| Subjects: |
MARC
| LEADER | 00000cam a2200000 7i4500 | ||
|---|---|---|---|
| 001 | 0000001070 | ||
| 005 | 20131215.0 | ||
| 020 | 0 | 0 | |a 9679787249 |
| 090 | 0 | 0 | |a 658.314 |b POH 2000 |
| 100 | 1 | 0 | |a POH |h Teck Lim |
| 245 | 1 | 0 | |a Mindful challenges towards peak performance |c Poh Teck Lim |
| 260 | 0 | 0 | |a Subang Jaya, Selangor : |b Pelanduk Pub. , |c 2000 |
| 300 | |a 164 p. : |b ill. ; |c 22 cm. | ||
| 650 | 0 | 0 | |a Employee motivation |
| 650 | 0 | 0 | |a Personnel management |
| 998 | |a JPSM | ||
| 999 | |a 0000002007 |b Monograph |c Open Shelf |e Default branch | ||